載入...

Agro processing and value addition for entrepreneurship development

書目詳細資料
主要作者: Shukadev Mangaraj
出版: Satish serial pub. 2014
LEADER 00236 a2200085 4500
100 |a Shukadev Mangaraj 
245 |a Agro processing and value addition for entrepreneurship development 
260 |c 2014  |b Satish serial pub. 
942 |c BK  |6 _ 
999 |c 70869  |d 70869